Retos epistemológicos de las migraciones transnacionales
সংরক্ষণ করুন:
| অন্যান্য লেখক: | |
|---|---|
| বিন্যাস: | বৈদ্যুতিক বৈদ্যুতিন গ্রন্থ |
| ভাষা: | স্প্যানিশ |
| প্রকাশিত: |
Rubí, Barcelona :
Anthropos Editorial,
2008.
|
| সংস্করন: | 1. ed. |
| মালা: | Autores, textos y temas. Ciencias sociales ;
62. Digitalia eBook Collection: Anthropos |
| বিষয়গুলি: | |
| অনলাইন ব্যবহার করুন: | Digitalia Hispánica |
| ট্যাগগুলো: |
ট্যাগ যুক্ত করুন
কোনো ট্যাগ নেই, প্রথমজন হিসাবে ট্যাগ করুন!
|
MARC
| LEADER | 00000nam a2200000Ia 4500 | ||
|---|---|---|---|
| 001 | DIGANT0072 | ||
| 003 | NyNyDIG | ||
| 006 | m d | ||
| 007 | cr ||||||||||| | ||
| 008 | 120901s2008 sp ob 000 0 spa | ||
| 020 | |z 9788476588574 (pbk.) | ||
| 020 | |z 8476588577 (pbk.) | ||
| 040 | |a DGITA |b eng |e pn |c DGITA | ||
| 050 | 0 | 0 | |a JV6225 ebook |
| 245 | 0 | 0 | |a Retos epistemológicos de las migraciones transnacionales |h [electronic resource] / |c Enrique Santamaría (ed.) ; Doris Boira ... [et al.]. |
| 250 | |a 1. ed. | ||
| 260 | |a Rubí, Barcelona : |b Anthropos Editorial, |c 2008. |e (New York, NY. : |f Digitalia Inc, |g 2012). | ||
| 300 | |a 1 online resource (382 p.) | ||
| 490 | 1 | |a Autores, textos y temas. Ciencias sociales ; |v 62. | |
| 504 | |a Includes bibliographical references. | ||
| 506 | |a Access restricted to subscribing institutions. | ||
| 650 | 0 | |a Emigration and immigration |x Social conditions. | |
| 650 | 0 | |a Social epistemology. | |
| 655 | 0 | |a Electronic books. | |
| 700 | 1 | |a Santamaría, Enrique. | |
| 791 | 2 | |a Digitalia (Firm), |e distributor. | |
| 830 | 0 | |a Autores, textos y temas. |p Ciencias sociales ; |v 62. | |
| 830 | 0 | |a Digitalia eBook Collection: Anthropos | |
| 856 | 4 | 0 | |3 Digitalia Hispánica |u https://digitalia.unach.elogim.com/a/15656/ |